Technology of hybrid rice production

Đã lưu trong:
Sonraí Bibleagrafaíochta
Príomhúdar: Long-Ping Yuan
Formáid: Leabhar
Teanga:Undetermined
Foilsithe: Rome FAO 199
Ábhair:
Clibeanna: Cuir Clib Leis
Gan Chlibeanna, Bí ar an gcéad duine leis an taifead seo a chlibeáil!
Thư viện lưu trữ: Trung tâm Học liệu Trường Đại học Cần Thơ
LEADER 00505nam a2200181Ia 4500
001 CTU_29249
008 210402s9999 xx 000 0 und d
082 |a 633.18523 
082 |b Y94 
100 |a Long-Ping Yuan 
245 0 |a Technology of hybrid rice production 
245 0 |c Long-Ping Yuan, FAO, Xi-Qin Fu 
260 |a Rome 
260 |b FAO 
260 |c 199 
650 |a rice production 
904 |i Nguyễn Quang Điền, 990315 
980 |a Trung tâm Học liệu Trường Đại học Cần Thơ